000 00298nam a22001217a 4500
008 171123b xxu||||| |||| 00| 0 eng d
041 _aeng
080 _a004
100 _a37
101 _aSHK
245 _aINTRODUCTORY COMPUTER METHODS ANDNUMERICAL ANALYSIS
_cRAPHL.H.P
942 _2udc
_cBK
999 _c38340
_d38340